Movies Quiz

Random Movies Quiz

The Joker's Scars Speech Quiz Stats

 Plays Quiz not verified by Sporcle

Score 0/144 Timer 10:00
0 Plays Today
Word % Correct
And
96.3%
the
96.3%
a
96.3%
and
96.3%
And
96.3%
the
96.3%
a
96.3%
and
96.3%
And
96.3%
the
96.3%
the
96.3%
You
94.5%
you
94.5%
you
94.5%
You
94.5%
you,
94.5%
you
94.5%
know
91.4%
know
91.4%
know
91.4%
scars?
90.3%
scars.
90.3%
to
90.2%
to
90.2%
to
90.2%
to
90.2%
...to
90.2%
how
89.6%
got
88.5%
want
87.8%
want
87.8%
want
87.8%
I
86.5%
I
86.5%
I
86.5%
I
86.5%
I
86.5%
I
86.5%
I
86.5%
I
86.5%
I
86.5%
my
83.6%
do
79.5%
me.
78.2%
me
78.2%
me
78.2%
me!
78.2%
me!
78.2%
Word % Correct
She
74.9%
She
74.9%
She
74.9%
'em?
73.3%
be
73.2%
wife,
72.2%
So
71.8%
So...
71.8%
we
70.4%
like
70.1%
of
69.8%
smile
69.6%
smile
69.6%
her
69.2%
her
69.2%
her
69.2%
see
69%
see
69%
had
67.7%
what?
67.3%
in
67%
in
67%
no
66.4%
beautiful
66.3%
beautiful.
66.3%
beautiful,
66.3%
stand
65.4%
look
65.2%
Look
65.2%
Look
65.2%
sight
65.1%
it
65%
it.
65%
this...
64.8%
are
64.5%
can't
64.4%
can't
64.4%
at
63.8%
at
63.8%
that
63.3%
just
61.1%
just
61.1%
mouth
61%
Now
60.8%
Now
60.8%
Is
60.4%
don't
59.2%
razor
58.9%
Word % Correct
I'm
58.5%
about
57.5%
Well
57.3%
Well
57.3%
always
56.6%
care
56.5%
smiling!
55.9%
must
55.1%
hello
54.9%
face.
54.5%
funny
52.8%
too
52.7%
side.
52.5%
have
51.8%
again,
50.7%
myself.
49.8%
Harvey's
49.5%
with
49.1%
for
48.9%
leaves.
48.6%
take
47.9%
they
47.8%
who
46.7%
Who
46.7%
Who
46.7%
sharks...
45.6%
One
45.6%
money
45.5%
squeeze,
45.2%
deep
44.1%
more.
43.6%
day,
43.2%
stick
40.7%
nervous.
40.6%
tells
39.6%
tells
39.6%
gets
39.5%
carve
37.5%
here.
37.3%
gambles
37.3%
much.
36.3%
Come
35%
worry
32.6%
surgeries.
31.6%
ought
31.3%
hmm?
27.4%
hmm?
27.4%
Hey!
26.7%

You're not logged in!

Compare scores with friends on all Sporcle quizzes.
OR
Log In

Show Comments

Extras

Top Quizzes Today


Score Distribution

Your Account Isn't Verified!

In order to create a playlist on Sporcle, you need to verify the email address you used during registration. Go to your Sporcle Settings to finish the process.

Report this User

Report this user for behavior that violates our Community Guidelines.

Details: